| 000 | 00687nam a22002297a 4500 | ||
|---|---|---|---|
| 003 | DO-SdBNP | ||
| 005 | 20180117141259.0 | ||
| 008 | 151116b 1997 ec ||||| |||| 00| 0 spa d | ||
| 020 | _a9978804137 | ||
| 040 |
_aBPMSU _bspa _cBPMSU |
||
| 092 |
_axxxx _bxxxx |
||
| 100 | 1 | _aCroce, Julio César | |
| 245 | 1 | 0 |
_a Bertoldo, Bertoldino y Cacasenno / _cJulio César Croce y Camilo Scaliggeri. |
| 260 |
_aQuito, Ecuador : _bLibresa, _c1997. |
||
| 300 |
_a97 p. : _bil. ; _c21 cm. |
||
| 490 | 1 |
_aClásicos de siempre _v47 |
|
| 700 | 1 | _aScaliggeri, Camilo | |
| 830 | 0 |
_aClásicos de siempre _n47 |
|
| 942 |
_2ddc _cBK |
||
| 945 | _aInventariado, 2018 LP | ||
| 956 |
_aLOPEREZ _b10 _cBPMSU |
||
| 999 |
_c8722 _d8722 |
||